Südafrika: Provinzen nach Abkürzung - Statistiken

Allgemein
  • Dieses Quiz wurde 8 mal gespielt
  • Das Durchschnittsergebnis liegt bei 7 aus 9
Antworten auf der Karte
Die Antworten werden auf der Karte rot bzw. grün angezeigt, abhängig davon wie oft sie richtig erraten wurden.
 
Antwortstatistiken
Abk. Provinz % Korrekt
EC Ostkap
100%
WC Westkap
100%
GP Gauteng
75%
KZN KwaZulu-Natal
75%
LP Limpopo
75%
NC Nordkap
75%
FS Freistaat
50%
MP Mpumalanga
50%
NW Nordwest
50%
Keine übereinstimmenden Quizze gefunden
Verteilung der Resultate
Anzahl Personen mit jedem Resultat
Perzentil nach korrekt beantworteten Fragen
Ihre Resultats-Entwicklung
Sie haben dieses Quiz noch nicht gespielt